000 01217nam0a22002411 4500
001 rc\545666
005 20260407075137.0
035 _a(NLR Aleph) 005782066
090 _a5122129
_c5122129
100 _a20030616d1987 |||y0rusy50 ca
101 0 _arus
102 _aRU
105 _aa |||||||||
200 1 _aХирургическая тактика при ампутациях нижних конечностей по поводу травм и первичное протезирование
_eМетод. рекомендации (с правом переизд. мест. органами здравоохранения)
_fЛенингр. НИИ травматологии и ортопедии им. Р.Р. Вредена, Ленингр. НИИ протезирования
_g[Сост. В.М. Демьянов и др.]
210 _aЛ.
_cБ. и.
_d1987
215 _a17, [1] с.
_cил.
_d20
702 1 _aДемьянов
_bВ.М.
_4220
712 0 2 _aЛенинградский НИИ травматологии и ортопедии им. Р. Р. Вредена
_3RU\NLR\AUTH\884050
_9279453
801 0 _aRU
_bNLR
_gpsbo
801 1 _aRU
_bELAR
_2rusmarc
852 _aNLR
_j88-4/13238
942 _cBOOK
980 _aNB